000 00923nam a2200229 i 4500
001 23937
003 ES-MaACL
005 20260127062523.0
007 t|
008 021213s1898 sp |||| | spa d
100 1 _aAndrade, Benito Mariano.
_921506
245 1 3 _aLa fuerza irresistible
_b: memoria leída en la Real Academia de Jurisprudencia y Legislación /
_cpor Benito Mariano Andrade.
260 _aMadrid :
_b[s.n.,
_c1898] (
_fSucs. de Rivadeneyra)
300 _a29 p. ;
_c24 cm.
530 _aDisponible en formato digital.
610 2 _aReal Academia de Jurisprudencia y Legislación de España-
_vMemorias.
_9150092
650 4 _aDerecho penal-
_xFilosofía.
_911756
700 _aReal Academia de Jurisprudencia y Legislación de España
_9217612
852 _aES-MaACL
_jT-798-F-5
856 _uhttp://bdh-rd.bne.es/viewer.vm?id=0000203102&page=1
_zBiblioteca Digital Hispánica
999 _c23937
_d23937